1. Segmentointi, targetointi ja positointi (STP) - Statistics

Yleistilastot
  • Tätä visaa on pelattu 2 kertaa
  • Keskiarvotulos 8 / 21
Vastaustilastot
Kysymys Vastaus % Oikein
Mikä eettinen riski liittyy segmentointiin? Segmentoinnin käyttäminen haavoittuvien ryhmien hyväksikäyttöön
100%
Mikä on kohdentamattoman markkinoinnin keskeinen piirre? Yksi tarjooma koko markkinalle
100%
Mikä on positioinnin päätavoite? Erottua kilpailijoista kohderyhmän mielissä
50%
Mikä on segmentoinnin keskeisin tarkoitus? Jakaa markkinat keskenään samankaltaisiin asiakasryhmiin
50%
Mikä seuraavista kuvaa parhaiten käyttäytymiseen perustuvaa segmentointia? Kuluttajien ryhmittely aiemman ostokäyttäytymisen ja ostotiheyden perusteella
50%
Mikä seuraavista EI ole lukemiston mukaan onnistuneen positioinnin kriteeri? Mahdollisimman alhainen hinta
50%
Mikä on uudelleenpositioinnin keskeinen syy? Markkinatilanteen, asiakkaiden tarpeiden tai kilpailutilanteen muuttuminen
50%
Mikä seuraavista kuvastaa onnistuneen positioinnin keskeistä kriteeriä? Positiointi perustuu asiakkaiden kannalta merkityksellisiin erottautumistekijöihin
50%
Mikä seuraavista kuvaa segmentin tavoitettavuutta? Segmentin saavuttaminen sopivien markkinointikanavien kautta
50%
Mikä seuraavista on hyvän segmentoinnin kriteeri? Segmentin tulee olla tunnistettavissa ja mitattavissa
50%
Mikä EI tyypillisesti ole onnistuneen segmentoinnin kriteeri? Segmenttien keskinäinen samankaltaisuus
50%
Mikä seuraavista EI ole segmentointitekijöiden pääluokka? Teknologinen
50%
Mikä seuraavista kuvaa keskitettyä (niche-)markkinointia? Yritys keskittyy yhteen tai muutamaan tarkkaan valittuun segmenttiin
50%
Mikä seuraavista on esimerkki demografisesta segmentointitekijästä? Kansalaisuus
0%
Milloin psykografinen segmentointi EI ole erityisen hyödyllistä? Kun kohderyhmä on maantieteellisesti rajattu
0%
Mikä seuraavista EI ole lukemiston mainitsema käyttäytymiseen perustuvan segmentoinnin haaste? Segmenttien liian pieni koko
0%
Mikä seuraavista on mikromarkkinoinnin keskeinen riski? Skaalaetujen pienentyminen
0%
Mitä positioinnilla tarkoitetaan STP-prosessissa? Tarjooman, hinnan, jakelun ja viestinnän mukauttamista valitun kohderyhmän tarpeisiin
0%
Mitä targetointi tarkoittaa STP-prosessissa? Valintaa siitä, mitä segmenttejä palvellaan
0%
Mikä seuraavista kuvaa parhaiten targetointia? Valittujen asiakassegmenttien valintaa ja niihin keskittymistä
0%
Mikä tekijä EI vaikuta segmentin houkuttelevuuteen targetoinnissa? Yrityksen visuaalinen ilme
0%
Ehtoja vastaavia visoja ei löytynyt
Tulosjakauma
Jokaisen tuloksen saaneiden osuus
Persentiili vastausten määrän mukaan
Tuloshistoriasi
Et ole pelannut tätä visaa